Регионална библиотека "Любен Каравелов" - Русе

Tafelmusik I [CD аудио] | Suite for String and Basso Contunio (Запис номер 219007)

MARC детайли
000 -Лидер
Контролно поле с фиксирана дължина 01318njm a2200361 c 4500
003 - Код на организацията, давaща контролен номер
Контролно поле BLK
005 - Дата и час на последна редакция
Контролно поле 20180422121410.0
008 - Елементи от данни с фиксирана дължина
fixed length control field 180410b bul||n||s|||||||| n|bulo|
010 ## - Наследен системен номер
LC control number CDD00001346000
040 ## - Източник на каталожния запис
Идентификатор на билиотеката - собственик на записа BLK
041 ## - Код за език
Код за езика на текст/звукозапис или на отделно заглавие Английски
Код за езика КДБФ Английски
080 ## - УДК
Текстов определител УДК Сюита. За оркестър
УДК код - определител по УДК 785.11.083.1
УДК определител
УДК - код + определител 785.11.083.1
100 1# - Редна дума - Автор
Автор Telemann, Georg Philipp
Авторска отговорност първи автор
R(LIN) 26022
139 ## - Редно поле
Редна дума Телеман, Георг Филип
Авторски знак Тел - Т 46
245 10 - Сведения за заглавието
Заглавие Tafelmusik I [CD аудио]
Подзаглавни данни E-minor
Редно поле (дума) Georg Philipp Telemann; * Георг Филип Телеман; Camerata Romana; диригент Eugen Duvier; * Hanspeter Gmur.
245 10 - Сведения за заглавието
Заглавие Suite for String and Basso Contunio
Подзаглавни данни E-Flat Major : La lyra
Версия Camerata Romana ; Дир. Hanspeter Gmur
257 ## - Страна на издаване
Страна на създаване/издаване Германия
260 ## - Област на издателските данни
-- Staufen
Име на издателя, разпространителя и проч. Gema 7709
Година на издаване 2006
300 ## - Физическа характеристика
Размери/Мащаб 12 см. Stereo
Тип мерна единица бр. в к-т
Количество на мерната единица 1 CD
306 ## - Продължителност на изпълнението
Времетраене 60 мин., 54 сек.
380 ## - Жанр
Жанр Изкуство
490 1# - СЕРИИ (Колекции)
Име на серия Famous Composers
№: серия 35
653 ## - Ключова дума – ненормативна
Ключова дума сюити
700 1# - Други автори (авторска отговорност)
Лично име Телеман, Георг Филип
Автороска отговорност (Описва отношението между автора и произведението) *
9 (RLIN) 128219
700 1# - Други автори (авторска отговорност)
Лично име Camerata Romana
9 (RLIN) 387695
700 1# - Други автори (авторска отговорност)
Лично име Duvier, Eugen
Автороска отговорност (Описва отношението между автора и произведението) диригент
9 (RLIN) 9204
700 1# - Други автори (авторска отговорност)
Лично име Gmur, Hanspeter
Автороска отговорност (Описва отношението между автора и произведението) *
9 (RLIN) 11311
852 ## - Местоположение
Форматна сигнатура Цб CD 1555
Част 0
856 4# - Електронен адрес и достъп
Електронен формат pdf - файл
Път до файла /url/
856 4# - Електронен адрес и достъп
Електронен формат pdf - файл
Път до файла /url/
942 ## - АРТИКУЛИ
Вид на библиотечния материал Компактдискове
Скрит в OPAC Не
944 ## - СЪЗДАВАНЕ И РЕДАКЦИЯ на ЗАПИСА
Създаване/Редакция Създаване
Дата на регистрацията/редакция 25.10.2010
Служител, извършил регистрацията/редакцията Валя_Йорданова
944 ## - СЪЗДАВАНЕ И РЕДАКЦИЯ на ЗАПИСА
Създаване/Редакция Редакция
Дата на регистрацията/редакция 02.11.2010
Служител, извършил регистрацията/редакцията
999 ## - СИСТЕМНИ КОНТРОЛНИ НОМЕРА
Koha biblionumber 219007
Koha biblioitemnumber 219007
Наличности
Код за отписване Код за изгубен артикул Източник на класификационната схема Код за повреда Коз за рестрикции Код за отдаване Артикулен № Име на библиотеката - собственик Име на библиотеката, в която се намира в момента Статус (Текущо местоположение) Дата на вписване в системата Местоположение - отдел Цена в лева Инвентарен номер Систематично азбучна сигнатура Баркод Номер на екземпляра Цена в евро Служебна бележка Служебен тип на артикула
  Не е изгубен Universal Decimal Classification Не е повреден без рестрикции заемане за дома 390411 Регионална библиотека "Любен Каравелов" Русе Регионална библиотека "Любен Каравелов" Русе Отдел Изкуство - подръчен фонд 2007-12-11 Отдел Изкуство - подръчен фонд 0.75 250000002752 785/T 33 G 250000002752 1 0.38 Дост: Pk Вид: Ф N: 72953 Дата: 04.12.2007 Съставил: Валя_Йорданова Компактдискове
Vip Innovations Ltd, Rousse, Bulgaria 2025